Handbook of Modern Finance 1990 Update with Cumulative Index

Na minha lista:
Detalhes bibliográficos
Outros Autores: Logue, Dennis E.
Formato: Livro
Idioma:inglês
Publicado em: Boston Warren, Gorham and Lamont 1990
Edição:2. ed.
Tags: Adicionar Tag
Sem tags, seja o primeiro a adicionar uma tag!

MARC

LEADER 00000nam a2200000 4500
001 c041502
005 20221215113900.4
041 0 |a eng 
044 |a US 
245 1 0 |a Handbook of Modern Finance  |b 1990 Update with Cumulative Index  |c Edit. Dennis E. Logue 
250 |a 2. ed. 
264 1 |a Boston  |b Warren, Gorham and Lamont  |c 1990 
300 |a Prer. s. 
700 1 |a Logue, Dennis E.